Multi-Category Literature Blitz Quiz Stats

 Plays Quiz Updated Apr 13, 2015

Also try: Literary Grab Bag
Challenge
Share
Tweet
Embed
Score 0/30 Timer 04:00
1 Play Today
Hint Answer % Correct
Author by First Published NovelJane Austen
83.1%
Shakespearean Title CharactersMacbeth
79.1%
Begins with PPoirot
77.5%
Shakespearean Title CharactersJulius Caesar
76.5%
Literary Love Triangle WomenAnna Karenina
75.2%
Literary Love Triangle WomenScarlett O'Hara
74.7%
Four Letter LiteratureSong
73.7%
Literary Love Triangle WomenBella Swan
71.9%
Shakespearean Title CharactersAntony...
70.2%
Shakespearean Title CharactersOthello
70.1%
Four Letter LiteratureTroy
69.2%
Begins with PPoe
68.8%
Literary Love Triangle WomenDaisy Buchanan
68.6%
Begins with PPrince Caspian
67.8%
Stephen King Novel by PlotThe Green Mile
67.2%
Hint Answer % Correct
Begins with PPetunia
65.4%
Four Letter LiteratureElie
59.8%
Four Letter LiteratureCoin/Snow
56.3%
Literary Love Triangle WomenCathy Earnshaw
52%
Shakespearean Title CharactersRichard III
43.7%
Stephen King Novel by PlotUnder the Dome
42.1%
Four Letter LiteratureJest
42.1%
Author by First Published NovelKen Kesey
39.6%
Author by First Published NovelRay Bradbury
38.7%
Author by First Published NovelRalph Ellison
37.5%
Stephen King Novel by PlotFirestarter
35.2%
Begins with PPortnoy's Complaint
32.4%
Stephen King Novel by PlotThe Stand
31.1%
Author by First Published NovelRaymond Chandler
31%
Stephen King Novel by Plot11/22/63
20.9%

You're not logged in!

Compare scores with friends on all Sporcle quizzes.
Join for Free
OR
Log In

You Might Also Like...

Show Comments

Extras

Top Quizzes Today


Score Distribution

Your Account Isn't Verified!

In order to create a playlist on Sporcle, you need to verify the email address you used during registration. Go to your Sporcle Settings to finish the process.

Report this User

Report this user for behavior that violates our Community Guidelines.

Details: